Rubén Darío (Registro nro. 6458)

Detalles MARC
000 - LÍDER
campo de control de longitud fija 01298nam a2200349 i 4500
005 - FECHA Y HORA DE LA ÚLTIMA TRANSACCIÓN
campo de control 20210727153338.0
007 - DESCRIPCIÓN FÍSICA CAMPO FIJO - INFORMACIÓN GENERAL
campo de control de longitud fija ta
008 - ELEMENTOS DE DATOS DE LONGITUD FIJA - INFORMACIÓN GENERAL
campo de control de longitud fija 200421s2007 ck a gr 000 p spa d
020 ## - INTERNATIONAL STANDARD BOOK NUMBER
International Standard Book Number 9789583004421
040 ## - FUENTE DE CATALOGACIÓN
Agencia de catalogación original CO-BoRNBP
Lenguaje de catalogación spa
Descripción convenciones rda
Agencia de transcripción CO-BoRNBP
041 0# - CÓDIGO DE LENGUAJE
Código de idioma de texto / pista de sonido o título separado spa
043 ## - CÓDIGO DE ÁREA GEOGRÁFICA
Código de área geográfica ncnq---
084 ## - OTRO NÚMERO DE CLASIFICACIÓN
Número de clasificación P DAR1
100 1# - ENTRADA PRINCIPAL - NOMBRE PERSONAL
Nombre de la persona Darío, Rubén
Fechas asociadas a un nombre 1867-1916
Término del Relator autor
245 10 - TÍTULO DECLARACIÓN
Título Rubén Darío
Declaración de responsabilidad selección de Carlos Nicolás Hernández ; edición de Ricardo Rendón López
250 ## - DECLARACIÓN DE EDICIÓN
Sentencia de edición Primera edición
264 #1 - AVISO DE PRODUCCIÓN, PUBLICACIÓN, DISTRIBUCIÓN, FABRICACIÓN Y DERECHOS DE AUTOR
Lugar de producción Bogotá, Colombia
Nombre del productor Panamericana
Fecha de producción 2007
300 ## - DESCRIPCIÓN FÍSICA
Alcance 91 páginas
Otros datos físicos ilustraciones
Dimensiones 21 cm
336 ## - TIPO DE CONTENIDO
Tipo de contenido texto
Código de tipo de contenido txt
Fuente rdacontent
337 ## - TIPO DE MEDIO
Término del tipo de medio sin mediación
Código de tipo de medio n
Fuente rdamedia
338 ## - TIPO DE PORTADOR
Término del tipo de operador volumen
Código de tipo de operador nc
Fuente rdacarrier
490 0# - DECLARACIÓN EN SERIE
Estado de cuenta de la serie Cuadernillos de poesía
505 1# - NOTA DE CONTENIDO FORMATEADA
Nota sobre el contenido formateado Canción de otoño en primavera -- Versos de otoño -- La copa de las hadas -- Lo fatal -- Canción de carnaval
521 ## - NOTA DE AUDIENCIA OBJETIVO
Nota para el público objetivo Recomendado para un público mayor a 17 años
545 ## - DATOS BIOGRÁFICOS O HISTÓRICOS
Datos biográficos o históricos Incluye reseña biográfica del autor
650 17 - ENTRADA DE SUJETO AÑADIDO - TÉRMINO TÓPICO
Término tópico o elemento de entrada del nombre geográfico Poesía nicaragüense
Subdivisión cronológica Siglo XIX
Fuente del título o término ARMARC
650 17 - ENTRADA DE SUJETO AÑADIDO - TÉRMINO TÓPICO
Término tópico o elemento de entrada del nombre geográfico Literatura nicaragüense
Subdivisión cronológica Siglo XIX
Fuente del título o término ARMARC
650 17 - ENTRADA DE SUJETO AÑADIDO - TÉRMINO TÓPICO
Término tópico o elemento de entrada del nombre geográfico Amor
Subdivisión de forma Poesía
Fuente del título o término ARMARC
700 1# - ENTRADA AGREGADA - NOMBRE PERSONAL
Nombre de la persona Hernández Camacho, Carlos Nicolás
Fechas asociadas a un nombre 1953-
Término del Relator compilador
700 1# - ENTRADA AGREGADA - NOMBRE PERSONAL
Nombre de la persona Rendón López, Ricardo
Término del Relator editor
942 ## - ELEMENTOS DE ENTRADA AGREGADOS (KOHA)
Fuente de clasificación o esquema de estanterías Local
Tipo de artículo Koha Literartura
Existencias
Estado de retirada Pérdida de estatus Fuente de clasificación o esquema de estanterías Estado dañado No para préstamo Código de recogida Ubicación permanente Ubicación actual Ubicación de las estanterías Fecha de adquisición Fuente de adquisición Total de Cajas Número Topográfico Código de barras Precio efectivo desde Número de copia Fecha de la última vez que se vio Tipo de artículo Koha
    Dewey Decimal Classification     General Biblioteca Pública Municipal Francisco Jaramillo Ochoa Biblioteca Pública Municipal Francisco Jaramillo Ochoa Área General 04/01/2024 Dotacion Ministerio de Cultura   P DAR1 LAVI10 - 3054 04/01/2024 Ej. 1 04/01/2024 Literartura
    Dewey Decimal Classification     General Biblioteca Pública Municipal Pública Municipal de Santuario Biblioteca Pública Municipal Pública Municipal de Santuario Área General 18/07/2023 Dotación MinCultura y BNC   P DAR1 SANT18 - 2858 18/07/2023 Ej. 1 18/07/2023 Literartura